[Event "Pere Noel"]
[Site "Montreal CAN"]
[Date "2012.12.28"]
[Round "3.7"]
[White "Lopez Linares, Lizandro"]
[Black "Sun, Mike"]
[Result "1/2-1/2"]
[WhiteElo "2092"]
[BlackElo "1979"]
[PlyCount "103"]
[GameId "2160767909411055"]
[EventDate "2012.12.26"]
[EventType "swiss"]
[EventRounds "5"]
[EventCountry "CAN"]
[SourceTitle "EXT 2022"]
[Source "ChessBase"]
[SourceDate "2021.10.06"]
[SourceVersion "1"]
[SourceVersionDate "2021.10.06"]
[SourceQuality "1"]

1. d4 g6 2. Nf3 Bg7 3. Bf4 c5 4. e3 Nf6 5. c3 cxd4 6. exd4 Nc6 7. Bd3 O-O 8. O-O Nh5 9. Bg5 h6 10. Bh4 d5 11. Re1 Bg4 12. Nbd2 g5 13. Bg3 Nxg3 14. hxg3 Rc8 15. Qb1 Qd6 16. Bf5 Bxf5 17. Qxf5 e6 18. Qd3 Rfe8 19. Re2 b5 20. Nb3 b4 21. Nc5 bxc3 22. bxc3 e5 23. Rae1 Rf8 24. Qa6 e4 25. Nd2 Rb8 26. Ndb3 Rb6 27. Qa4 Qc7 28. Nxe4 dxe4 29. Rxe4 Nd8 30. c4 Re6 31. d5 Rxe4 32. Rxe4 f5 33. Re1 f4 34. g4 f3 35. g3 Be5 36. c5 Bxg3 37. d6 Bxd6 38. cxd6 Qxd6 39. Qc4+ Kg7 40. Qd4+ Qxd4 41. Nxd4 Rf4 42. Nf5+ Kg6 43. Ne3 Ra4 44. Rd1 Nf7 45. Rd2 Ne5 46. Rd6+ Kf7 47. Rxh6 Nxg4 48. Rh3 Nxe3 49. Rxf3+ Kg6 50. Rxe3 Rxa2 51. Kg2 a5 52. Re5 1/2-1/2

[Event "Pere Noel"]
[Site "Montreal CAN"]
[Date "2012.12.28"]
[Round "3.8"]
[White "Zhu, Hong Rui"]
[Black "Nikulich, Oleksandr"]
[Result "1/2-1/2"]
[WhiteElo "2079"]
[BlackElo "1918"]
[PlyCount "63"]
[GameId "2160767909411056"]
[EventDate "2012.12.26"]
[EventType "swiss"]
[EventRounds "5"]
[EventCountry "CAN"]
[SourceTitle "EXT 2022"]
[Source "ChessBase"]
[SourceDate "2021.10.06"]
[SourceVersion "1"]
[SourceVersionDate "2021.10.06"]
[SourceQuality "1"]

1. e4 e5 2. Nf3 Nc6 3. Bb5 a6 4. Ba4 Nf6 5. O-O Be7 6. Re1 b5 7. Bb3 d6 8. c3 O-O 9. h3 Nb8 10. d4 Nbd7 11. Nbd2 Bb7 12. Bc2 Re8 13. Nf1 Bf8 14. Ng3 g6 15. b3 Bg7 16. Bb2 d5 17. dxe5 Nxe4 18. Nxe4 dxe4 19. Bxe4 Bxe4 20. Rxe4 Nxe5 21. Nxe5 Qxd1+ 22. Rxd1 Rxe5 23. Rxe5 Bxe5 24. Rd2 Re8 25. Re2 Bh2+ 26. Kf1 Rxe2 27. Kxe2 Be5 28. Kd3 f5 29. Ba3 Kf7 30. c4 c6 31. Bc1 Ke6 32. Bh6 1/2-1/2

[Event "Pere Noel"]
[Site "Montreal CAN"]
[Date "2012.12.28"]
[Round "3.9"]
[White "Dumouchel, Alain"]
[Black "Pilotte, Benoit"]
[Result "1-0"]
[WhiteElo "2034"]
[BlackElo "1829"]
[PlyCount "59"]
[GameId "2160767909411057"]
[EventDate "2012.12.26"]
[EventType "swiss"]
[EventRounds "5"]
[EventCountry "CAN"]
[SourceTitle "EXT 2022"]
[Source "ChessBase"]
[SourceDate "2021.10.06"]
[SourceVersion "1"]
[SourceVersionDate "2021.10.06"]
[SourceQuality "1"]

1. e4 g5 2. d4 h6 3. Bc4 Bg7 4. Nc3 d6 5. Be3 Nf6 6. f3 a6 7. a4 Nbd7 8. Nge2 b6 9. Qd2 Bb7 10. O-O e6 11. Rab1 d5 12. exd5 Nxd5 13. Nxd5 Bxd5 14. Bxd5 exd5 15. Ng3 Qf6 16. c3 O-O-O 17. f4 Rde8 18. fxg5 Qe6 19. gxh6 Rxh6 20. Rbe1 Rhh8 21. Nf5 Qg6 22. Nxg7 Qxg7 23. Bf4 Nf6 24. Be5 Rxe5 25. dxe5 Ng4 26. Qxd5 Rxh2 27. Rxf7 Rh1+ 28. Kxh1 Qh6+ 29. Kg1 Qh2+ 30. Kf1 1-0

[Event "Pere Noel"]
[Site "Montreal CAN"]
[Date "2012.12.28"]
[Round "3.10"]
[White "Moore, Ronald"]
[Black "Poulin, Mathieu"]
[Result "0-1"]
[WhiteElo "1673"]
[BlackElo "2015"]
[PlyCount "110"]
[GameId "2160767909411058"]
[EventDate "2012.12.26"]
[EventType "swiss"]
[EventRounds "5"]
[EventCountry "CAN"]
[SourceTitle "EXT 2022"]
[Source "ChessBase"]
[SourceDate "2021.10.06"]
[SourceVersion "1"]
[SourceVersionDate "2021.10.06"]
[SourceQuality "1"]

1. d4 d5 2. Bg5 Nf6 3. Nd2 e6 4. e3 Be7 5. Bd3 Nbd7 6. f4 c5 7. c3 O-O 8. Ngf3 Ne8 9. Bxe7 Qxe7 10. O-O f6 11. e4 c4 12. Bc2 b5 13. exd5 exd5 14. Re1 Qf7 15. Bf5 Nb6 16. Qc2 Bxf5 17. Qxf5 Nc7 18. Re2 Rfe8 19. Rae1 Rxe2 20. Rxe2 Re8 21. Rxe8+ Qxe8 22. Kf2 Na4 23. Qc2 g6 24. b3 Nb6 25. bxc4 bxc4 26. Qb2 Qb5 27. Qa3 Nc8 28. g4 Ne6 29. Kg3 Qb8 30. Qa6 Nb6 31. Qb5 Nxf4 32. Qc6 Kf7 33. g5 Ne6+ 34. Kg2 Qc7 35. gxf6 Qxc6 36. Ne5+ Kxf6 37. Nxc6 Na4 38. Nb1 a6 39. Nb8 Nc7 40. Kf3 Kf5 41. h3 g5 42. Nc6 Nb5 43. Nb4 Naxc3 44. Nxc3 Nxc3 45. Ke3 a5 46. Nc6 Nxa2 47. Nxa5 Nb4 48. Kd2 Ke4 49. Kc3 Nd3 50. Nb7 Nf4 51. Nd6+ Kf3 52. Nf7 Nxh3 53. Ne5+ Ke4 54. Ng4 Nf4 55. Nf2+ Kf3 0-1

[Event "Pere Noel"]
[Site "Montreal CAN"]
[Date "2012.12.28"]
[Round "3.11"]
[White "Mathews, Theo"]
[Black "Zhang, Zhiyuan"]
[Result "1-0"]
[WhiteElo "1564"]
[BlackElo "2013"]
[PlyCount "143"]
[GameId "2160767909411059"]
[EventDate "2012.12.26"]
[EventType "swiss"]
[EventRounds "5"]
[EventCountry "CAN"]
[SourceTitle "EXT 2022"]
[Source "ChessBase"]
[SourceDate "2021.10.06"]
[SourceVersion "1"]
[SourceVersionDate "2021.10.06"]
[SourceQuality "1"]

1. d4 d5 2. c4 c6 3. Nc3 Nf6 4. cxd5 cxd5 5. Nf3 Nc6 6. Bg5 e6 7. e3 Be7 8. Be2 a6 9. O-O O-O 10. a3 b5 11. b4 Bb7 12. Rc1 h6 13. Bh4 Rc8 14. Nd2 e5 15. Nb3 exd4 16. exd4 Ne4 17. Bxe7 Nxe7 18. Nxe4 dxe4 19. Nc5 Qb6 20. Nd7 Qd6 21. Nxf8 Rxf8 22. Rc5 Rd8 23. Qd2 Ng6 24. g3 Nf8 25. Bg4 Ne6 26. Bxe6 Qxe6 27. Qe3 Bd5 28. Re1 Qf6 29. Rec1 Qe6 30. Qf4 f6 31. Re1 Qd6 32. Qxd6 Rxd6 33. Rd1 Kh7 34. Rdc1 Kg6 35. Kf1 f5 36. Ke2 Kf6 37. Ke3 Ke6 38. Rc7 g6 39. Rh7 h5 40. Rcc7 Rb6 41. Kf4 Kf6 42. h4 Ba2 43. Rcd7 Be6 44. Rd8 Ba2 45. d5 Bxd5 46. Rxd5 Ke6 47. Rd8 Kf6 48. Rf8+ Ke6 49. Rg7 Kd5 50. Rc8 Rd6 51. Kg5 Kd4 52. Rxg6 Rd5 53. Kf4 Kd3 54. Rcc6 Ke2 55. Rg5 Kxf2 56. Rxf5 Rxf5+ 57. Kxf5 e3 58. Kg5 e2 59. Rc2 Kf1 60. Rxe2 Kxe2 61. Kxh5 Kd3 62. g4 Kc3 63. g5 Kb3 64. g6 Kxa3 65. g7 Kxb4 66. g8=Q a5 67. Kg5 a4 68. h5 Ka3 69. h6 b4 70. h7 b3 71. h8=Q b2 72. Qc3# 1-0

[Event "Pere Noel"]
[Site "Montreal CAN"]
[Date "2012.12.28"]
[Round "3.12"]
[White "Robichaud, Louis"]
[Black "Lacroix, Serge"]
[Result "0-1"]
[WhiteElo "2102"]
[BlackElo "1858"]
[PlyCount "100"]
[GameId "2160767909411060"]
[EventDate "2012.12.26"]
[EventType "swiss"]
[EventRounds "5"]
[EventCountry "CAN"]
[SourceTitle "EXT 2022"]
[Source "ChessBase"]
[SourceDate "2021.10.06"]
[SourceVersion "1"]
[SourceVersionDate "2021.10.06"]
[SourceQuality "1"]

1. e4 e5 2. Nf3 Nc6 3. Bb5 a6 4. Ba4 Nf6 5. O-O b5 6. Bb3 Be7 7. Re1 d6 8. c3 Bg4 9. h3 Bxf3 10. Qxf3 Na5 11. Bc2 c5 12. d3 O-O 13. Nd2 Nc6 14. Nf1 d5 15. Ne3 dxe4 16. dxe4 Qc7 17. Nd5 Nxd5 18. exd5 Na5 19. Qf5 g6 20. Qxe5 Qxe5 21. Rxe5 Bf6 22. Re2 Nc4 23. Bb3 Rad8 24. Bxc4 bxc4 25. Bh6 Rfe8 26. Rae1 Rxe2 27. Rxe2 Bg7 28. Bxg7 Kxg7 29. Re4 Rxd5 30. Rxc4 Rd1+ 31. Kh2 Rd2 32. Rxc5 Rxb2 33. Ra5 Rxf2 34. c4 Rf6 35. Rc5 Kf8 36. Rc7 Rf2 37. Kg3 Rxa2 38. Kf3 a5 39. g4 a4 40. Ke4 a3 41. Ra7 Re2+ 42. Kd5 Rd2+ 43. Kc6 a2 44. c5 Ke8 45. Kb6 Rb2+ 46. Kc7 f5 47. gxf5 gxf5 48. c6 f4 49. Kd6 Rd2+ 50. Ke6 Kd8 0-1

[Event "Pere Noel"]
[Site "Montreal CAN"]
[Date "2012.12.28"]
[Round "3.13"]
[White "Sprumont, Oscar"]
[Black "Perna-Fraser, David"]
[Result "0-1"]
[WhiteElo "1954"]
[BlackElo "1818"]
[PlyCount "122"]
[GameId "2160767909411061"]
[EventDate "2012.12.26"]
[EventType "swiss"]
[EventRounds "5"]
[EventCountry "CAN"]
[SourceTitle "EXT 2022"]
[Source "ChessBase"]
[SourceDate "2021.10.06"]
[SourceVersion "1"]
[SourceVersionDate "2021.10.06"]
[SourceQuality "1"]

1. e4 e5 2. Nf3 Nf6 3. Nc3 Bb4 4. Nxe5 O-O 5. Be2 Re8 6. Nf3 Bxc3 7. dxc3 Nxe4 8. O-O d5 9. c4 c6 10. Be3 Be6 11. Nd4 Nd7 12. cxd5 Bxd5 13. c4 Be6 14. Qc2 Ndf6 15. Nxe6 Rxe6 16. Bd3 Qe7 17. h3 b6 18. Rad1 Rd8 19. Rfe1 Re8 20. a3 c5 21. Bf4 g5 22. Bc1 h6 23. Re2 Qb7 24. Rde1 Qc6 25. f3 Ng3 26. Rxe6 Rxe6 27. Rxe6 Qxe6 28. Qf2 Nf5 29. Qe2 Qxe2 30. Bxe2 Nd4 31. Bf1 Nd7 32. Kf2 Kg7 33. Ke3 Nb3 34. Bd2 Nxd2 35. Kxd2 Kf6 36. Kc3 Ke5 37. g3 Nf6 38. g4 Kf4 39. Be2 Nd7 40. b4 Ke3 41. Bd1 f6 42. Ba4 Ne5 43. bxc5 bxc5 44. Bd1 Nxf3 45. Kb3 Nd2+ 46. Kc3 Ne4+ 47. Kb3 Kd4 48. Be2 Nd2+ 49. Ka4 Nxc4 50. Kb3 Nd2+ 51. Kc2 Ne4 52. Kb3 c4+ 53. Kc2 c3 54. Bd3 Nd6 55. a4 Nc4 56. Be2 Ne3+ 57. Kc1 a5 58. Ba6 Kc5 59. Bd3 Kb4 60. Bb5 Nd5 61. Bc6 Nb6 0-1

[Event "Pere Noel"]
[Site "Montreal CAN"]
[Date "2012.12.28"]
[Round "3.14"]
[White "Gueorguiev, Valentin"]
[Black "Shi, Ling Yun"]
[Result "1-0"]
[WhiteElo "1946"]
[BlackElo "1718"]
[PlyCount "89"]
[GameId "2160767909411062"]
[EventDate "2012.12.26"]
[EventType "swiss"]
[EventRounds "5"]
[EventCountry "CAN"]
[SourceTitle "EXT 2022"]
[Source "ChessBase"]
[SourceDate "2021.10.06"]
[SourceVersion "1"]
[SourceVersionDate "2021.10.06"]
[SourceQuality "1"]

1. d4 d5 2. g3 Nf6 3. Bg2 g6 4. Nf3 Bg7 5. O-O O-O 6. c4 c6 7. b3 Bf5 8. Bb2 Na6 9. Nc3 Nc7 10. Rc1 dxc4 11. bxc4 Rc8 12. Re1 Be6 13. Qd3 Nfe8 14. e4 Qd7 15. d5 Bh3 16. Nd1 Bxg2 17. Kxg2 Na6 18. Bxg7 Nxg7 19. Qd4 c5 20. Qe3 Nb4 21. a3 Na6 22. Nc3 b6 23. Ne5 Qb7 24. Rb1 Nb8 25. Nd3 Nd7 26. f4 Qa6 27. Nb5 Qa4 28. Nb2 Qa5 29. Qc3 Qxc3 30. Nxc3 Ne8 31. e5 Kg7 32. Nd3 f5 33. Nb5 a6 34. Nc3 Rb8 35. e6 Ndf6 36. Nxc5 Nd6 37. Nd7 Nxd7 38. exd7 Kf7 39. Ne2 Nxc4 40. Nd4 Rfd8 41. Nc6 Nxa3 42. Rxb6 Rxb6 43. Nxd8+ Kf8 44. Nc6 Rb2+ 45. Kg1 1-0

[Event "Pere Noel"]
[Site "Montreal CAN"]
[Date "2012.12.29"]
[Round "4.1"]
[White "Castaneda Jimenez, Jhon David"]
[Black "Leveille, Francois"]
[Result "1/2-1/2"]
[WhiteElo "2126"]
[BlackElo "2329"]
[PlyCount "152"]
[GameId "2160767909411064"]
[EventDate "2012.12.26"]
[EventType "swiss"]
[EventRounds "5"]
[EventCountry "CAN"]
[SourceTitle "EXT 2022"]
[Source "ChessBase"]
[SourceDate "2021.10.06"]
[SourceVersion "1"]
[SourceVersionDate "2021.10.06"]
[SourceQuality "1"]

1. d4 f5 2. Bg5 g6 3. h4 Bg7 4. e3 c6 5. Nd2 d6 6. Bc4 d5 7. Bb3 b5 8. Ne2 Nh6 9. Nf3 Nf7 10. Bf4 Nd7 11. h5 e6 12. hxg6 hxg6 13. Rxh8+ Bxh8 14. Bg3 g5 15. c3 Bf6 16. Nc1 c5 17. dxc5 Nxc5 18. Nd4 Ne4 19. Bh2 Bd7 20. Qh5 Ke7 21. Qe2 Qb6 22. f3 Nc5 23. Nd3 Nxd3+ 24. Qxd3 Rh8 25. Bg1 Ne5 26. Qe2 Nc4 27. e4 Rh1 28. O-O-O Rxg1 29. Rxg1 e5 30. exd5 Kd8 31. Nc6+ Bxc6 32. Rd1 Bd7 33. Bxc4 bxc4 34. Qxc4 Qb5 35. Qxb5 Bxb5 36. b3 Be2 37. Re1 Bd3 38. Kd2 e4 39. g4 Be5 40. fxe4 fxe4 41. c4 Bg3 42. Rh1 Bf4+ 43. Kc3 Be2 44. Kd4 e3 45. Rh8+ Ke7 46. c5 Bxg4 47. d6+ Kf7 48. Rh7+ Kf6 49. Re7 e2 50. Kd3 Bg3 51. Rxe2 Bxe2+ 52. Kxe2 g4 53. b4 Ke6 54. Ke3 Kd5 55. a3 Be5 56. a4 Bh2 57. a5 Kc4 58. Ke4 Kxb4 59. Kd5 Kxa5 60. Kc6 Bf4 61. d7 Bg5 62. Kb7 g3 63. c6 g2 64. c7 g1=Q 65. c8=Q Qb6+ 66. Ka8 Kb5 67. d8=Q Bxd8 68. Qd7+ Ka6 69. Qd3+ Ka5 70. Qa3+ Kb5 71. Qxa7 Qf6 72. Qd7+ Kc5 73. Qc8+ Kb4 74. Qb7+ Bb6 75. Qe4+ Bd4 76. Kb7 Qb6+ 1/2-1/2

[Event "Pere Noel"]
[Site "Montreal CAN"]
[Date "2012.12.29"]
[Round "4.2"]
[White "Luksza, Arkadiusz"]
[Black "Sambuev, Bator"]
[Result "0-1"]
[WhiteElo "2152"]
[BlackElo "2579"]
[PlyCount "70"]
[GameId "2160767909411065"]
[EventDate "2012.12.26"]
[EventType "swiss"]
[EventRounds "5"]
[EventCountry "CAN"]
[SourceTitle "EXT 2022"]
[Source "ChessBase"]
[SourceDate "2021.10.06"]
[SourceVersion "1"]
[SourceVersionDate "2021.10.06"]
[SourceQuality "1"]

1. d4 Nf6 2. c4 e6 3. Nf3 b6 4. g3 Ba6 5. Qc2 c5 6. Bg2 Bb7 7. O-O cxd4 8. Rd1 Bxf3 9. Bxf3 Nc6 10. e3 Ne5 11. Bg2 dxe3 12. Bxe3 Rc8 13. b3 Bc5 14. Bxc5 Rxc5 15. Qe2 Qb8 16. Na3 O-O 17. Rac1 d5 18. Re1 Ned7 19. Rcd1 dxc4 20. Nxc4 Qc7 21. h3 Nd5 22. Bxd5 Rxd5 23. Rxd5 exd5 24. Ne3 Nf6 25. Qd3 Qc5 26. Rd1 Rd8 27. g4 d4 28. Nf5 g6 29. Ng3 Qe5 30. Kf1 h5 31. gxh5 Nxh5 32. Nxh5 Qxh5 33. Re1 Qa5 34. Re2 Qd5 35. Re4 f5 0-1

[Event "Pere Noel"]
[Site "Montreal CAN"]
[Date "2012.12.29"]
[Round "4.3"]
[White "Yu, Zong Yang"]
[Black "Voskanyan, Vahagn"]
[Result "0-1"]
[WhiteElo "2107"]
[BlackElo "2214"]
[PlyCount "48"]
[GameId "2160767909411066"]
[EventDate "2012.12.26"]
[EventType "swiss"]
[EventRounds "5"]
[EventCountry "CAN"]
[SourceTitle "EXT 2022"]
[Source "ChessBase"]
[SourceDate "2021.10.06"]
[SourceVersion "1"]
[SourceVersionDate "2021.10.06"]
[SourceQuality "1"]

1. d4 d5 2. c4 c6 3. Nf3 Nf6 4. Nc3 e6 5. e3 Nbd7 6. Bd3 dxc4 7. Bxc4 b5 8. Bb3 Bb7 9. O-O b4 10. Ne2 Bd6 11. Ng3 c5 12. a3 bxa3 13. bxa3 O-O 14. Rb1 Rb8 15. Nd2 cxd4 16. exd4 Nb6 17. Bb2 Nbd5 18. Nc4 Nf4 19. f3 Ba6 20. Re1 Bc7 21. Ne4 Nxe4 22. Rxe4 Bb7 23. Re3 Bd5 24. Nd2 Qg5 0-1

[Event "Pere Noel"]
[Site "Montreal CAN"]
[Date "2012.12.29"]
[Round "4.4"]
[White "Masse, Hugues"]
[Black "Mathews, Theo"]
[Result "1-0"]
[WhiteElo "2201"]
[BlackElo "1564"]
[PlyCount "65"]
[GameId "2160767909411067"]
[EventDate "2012.12.26"]
[EventType "swiss"]
[EventRounds "5"]
[EventCountry "CAN"]
[SourceTitle "EXT 2022"]
[Source "ChessBase"]
[SourceDate "2021.10.06"]
[SourceVersion "1"]
[SourceVersionDate "2021.10.06"]
[SourceQuality "1"]

1. b3 d5 2. Nf3 f5 3. Bb2 Nf6 4. g3 e6 5. Bg2 Be7 6. O-O O-O 7. c4 c6 8. d3 Bd7 9. Nbd2 Be8 10. Ng5 Qc8 11. e4 Bh5 12. Qc2 fxe4 13. dxe4 h6 14. Nh3 Na6 15. Nf4 Bf7 16. exd5 exd5 17. Bh3 Qc7 18. Ne6 Bxe6 19. Bxe6+ Kh8 20. Qg6 Nc5 21. Bf5 Ncd7 22. Nf3 Rfe8 23. Qf7 Bd6 24. Rfe1 Rxe1+ 25. Rxe1 Rf8 26. Qg6 Rd8 27. Bxd7 Qxd7 28. Bxf6 gxf6 29. Qxh6+ Kg8 30. Qxf6 Rf8 31. Qg6+ Kh8 32. Qh6+ Kg8 33. Re6 1-0

[Event "Pere Noel"]
[Site "Montreal CAN"]
[Date "2012.12.29"]
[Round "4.5"]
[White "Poulin, Mathieu"]
[Black "Dumouchel, Alain"]
[Result "1-0"]
[WhiteElo "2015"]
[BlackElo "2034"]
[PlyCount "65"]
[GameId "2160767909411068"]
[EventDate "2012.12.26"]
[EventType "swiss"]
[EventRounds "5"]
[EventCountry "CAN"]
[SourceTitle "EXT 2022"]
[Source "ChessBase"]
[SourceDate "2021.10.06"]
[SourceVersion "1"]
[SourceVersionDate "2021.10.06"]
[SourceQuality "1"]

1. d4 d5 2. c4 e6 3. Nc3 Be7 4. Bf4 Nf6 5. e3 O-O 6. Nf3 Nbd7 7. c5 b6 8. c6 Nb8 9. Ne5 Ne4 10. Nxe4 dxe4 11. Qa4 f6 12. Nc4 a5 13. Nd2 Na6 14. Nxe4 g5 15. Bg3 f5 16. Nc3 f4 17. exf4 gxf4 18. O-O-O fxg3 19. hxg3 Nb4 20. f4 Qe8 21. Bd3 Nxd3+ 22. Rxd3 Qg6 23. Re3 Bb4 24. Ne4 Rd8 25. Qd1 e5 26. d5 Bg4 27. Qb3 h5 28. fxe5 Qh6 29. Nf6+ Kg7 30. Nxg4 Qg5 31. Nf6 Bc5 32. Nxh5+ Kf7 33. d6+ 1-0

[Event "Pere Noel"]
[Site "Montreal CAN"]
[Date "2012.12.29"]
[Round "4.6"]
[White "Nikulich, Oleksandr"]
[Black "Larochelle, Martial"]
[Result "0-1"]
[WhiteElo "1918"]
[BlackElo "2212"]
[PlyCount "146"]
[GameId "2160767909411069"]
[EventDate "2012.12.26"]
[EventType "swiss"]
[EventRounds "5"]
[EventCountry "CAN"]
[SourceTitle "EXT 2022"]
[Source "ChessBase"]
[SourceDate "2021.10.06"]
[SourceVersion "1"]
[SourceVersionDate "2021.10.06"]
[SourceQuality "1"]

1. Nf3 Nf6 2. c4 g6 3. Nc3 d5 4. cxd5 Nxd5 5. e4 Nxc3 6. dxc3 Qxd1+ 7. Kxd1 f6 8. Be3 e5 9. Kc2 Nd7 10. Bc4 Bc5 11. Rhe1 Bxe3 12. Rxe3 Nb6 13. Bb3 a5 14. a3 a4 15. Ba2 Ke7 16. Rd1 Bd7 17. Ne1 Bc6 18. Nd3 Rad8 19. Nb4 Bb5 20. Nd5+ Nxd5 21. exd5 Kd6 22. f4 Rde8 23. fxe5+ Rxe5 24. Rxe5 fxe5 25. c4 Bd7 26. Rf1 Bf5+ 27. Kc3 Kc5 28. Re1 Re8 29. h4 Re7 30. Re3 b6 31. b3 axb3 32. Bxb3 Re8 33. g3 e4 34. Bc2 Ra8 35. a4 Re8 36. Bb1 Bg4 37. Rxe4 Rxe4 38. Bxe4 Bd1 39. Bd3 Bxa4 40. Be2 h6 41. Bd3 g5 42. hxg5 hxg5 43. Be2 Be8 44. Bf1 Bh5 45. Kd3 Bd1 46. Kc3 Bf3 47. Bd3 b5 48. cxb5 Bxd5 49. Kd2 Bc4 50. Bg6 Bxb5 51. Ke3 Bd7 52. Ke4 Kb4 53. Kd3 c5 54. Bf7 Bf5+ 55. Kd2 c4 56. Bd5 c3+ 57. Kc1 Kc5 58. Bf3 Kd4 59. g4 Bd3 60. Bb7 Ke3 61. Bc8 Kf4 62. Bd7 Be2 63. Kc2 Bxg4 64. Be8 Bf5+ 65. Kxc3 Ke3 66. Bh5 Be4 67. Bg4 Kf4 68. Bd7 Bf5 69. Bc6 Ke3 70. Bb5 g4 71. Bc6 g3 72. Bg2 Kf2 73. Bd5 Bg4 0-1

[Event "Pere Noel"]
[Site "Montreal CAN"]
[Date "2012.12.29"]
[Round "4.7"]
[White "Prahov, Valentin"]
[Black "Gueorguiev, Valentin"]
[Result "1/2-1/2"]
[WhiteElo "2135"]
[BlackElo "1946"]
[PlyCount "84"]
[GameId "2160767909411070"]
[EventDate "2012.12.26"]
[EventType "swiss"]
[EventRounds "5"]
[EventCountry "CAN"]
[SourceTitle "EXT 2022"]
[Source "ChessBase"]
[SourceDate "2021.10.06"]
[SourceVersion "1"]
[SourceVersionDate "2021.10.06"]
[SourceQuality "1"]

1. e4 g6 2. d4 Bg7 3. Nc3 c5 4. dxc5 Qa5 5. Bd2 Qxc5 6. Nf3 d6 7. Bd3 Nf6 8. O-O O-O 9. Qe2 Nc6 10. Rae1 Bg4 11. Qe3 Qxe3 12. fxe3 Nd7 13. h3 Bxf3 14. gxf3 Nc5 15. Rd1 Rac8 16. a3 a6 17. Bc4 b5 18. Bd5 b4 19. Ne2 bxa3 20. bxa3 Na4 21. Bb3 Nc5 22. Bc3 Ne5 23. Ba1 Nxb3 24. cxb3 Rc2 25. Nd4 Ra2 26. a4 Rc8 27. Rf2 Rxf2 28. Kxf2 Nd7 29. b4 Nb6 30. b5 Nxa4 31. bxa6 Ra8 32. Nc6 Rxa6 33. Nxe7+ Kf8 34. Bxg7+ Kxe7 35. e5 Ke6 36. exd6 Rxd6 37. Rxd6+ Kxd6 38. e4 Nb6 39. Ke3 Ke7 40. Bc3 Ke6 41. Kf4 f6 42. h4 h5 1/2-1/2

[Event "Pere Noel"]
[Site "Montreal CAN"]
[Date "2012.12.29"]
[Round "4.8"]
[White "Lacroix, Serge"]
[Black "Lopez Linares, Lizandro"]
[Result "1/2-1/2"]
[WhiteElo "1858"]
[BlackElo "2092"]
[PlyCount "56"]
[GameId "2160767909411071"]
[EventDate "2012.12.26"]
[EventType "swiss"]
[EventRounds "5"]
[EventCountry "CAN"]
[SourceTitle "EXT 2022"]
[Source "ChessBase"]
[SourceDate "2021.10.06"]
[SourceVersion "1"]
[SourceVersionDate "2021.10.06"]
[SourceQuality "1"]

1. e4 c6 2. d4 d5 3. Nc3 dxe4 4. Nxe4 Bf5 5. Ng3 Bg6 6. h4 h6 7. h5 Bh7 8. Nf3 Nf6 9. Bd3 Bxd3 10. Qxd3 e6 11. Bd2 Nbd7 12. O-O-O Qc7 13. Ne4 Nxe4 14. Qxe4 Nf6 15. Qe2 O-O-O 16. c4 Bd6 17. Bc3 c5 18. Kb1 cxd4 19. Nxd4 a6 20. Nf3 Qc5 21. Ne5 Bxe5 22. Bxe5 Qc6 23. Bxf6 gxf6 24. g3 Kb8 25. b3 Qc5 26. Qf3 Qe5 27. Rhe1 Rxd1+ 28. Rxd1 Rc8 1/2-1/2

[Event "Pere Noel"]
[Site "Montreal CAN"]
[Date "2012.12.29"]
[Round "4.9"]
[White "Zhu, Hong Rui"]
[Black "Nardone, Raul"]
[Result "1-0"]
[WhiteElo "2079"]
[BlackElo "1759"]
[PlyCount "111"]
[GameId "2160767909411072"]
[EventDate "2012.12.26"]
[EventType "swiss"]
[EventRounds "5"]
[EventCountry "CAN"]
[SourceTitle "EXT 2022"]
[Source "ChessBase"]
[SourceDate "2021.10.06"]
[SourceVersion "1"]
[SourceVersionDate "2021.10.06"]
[SourceQuality "1"]

1. e4 c5 2. Nf3 d6 3. d4 cxd4 4. Nxd4 Nf6 5. Nc3 Nc6 6. Be2 e6 7. O-O Be7 8. Be3 O-O 9. Kh1 Nxd4 10. Qxd4 e5 11. Qd2 Be6 12. Rad1 a6 13. f4 exf4 14. Bxf4 Rc8 15. Bxd6 Bxd6 16. Qxd6 Qxd6 17. Rxd6 Rxc3 18. bxc3 Nxe4 19. Rd4 Nxc3 20. Bc4 Nb5 21. Bxb5 axb5 22. Rb1 Bxa2 23. Rxb5 h6 24. Rxb7 Rc8 25. Rb2 Be6 26. Rd1 Bf5 27. Rc1 Rc3 28. Kg1 Kf8 29. Kf2 Ke7 30. Ke2 Kd6 31. Kd2 Rc4 32. g3 g5 33. c3 Bg6 34. Rb4 Rc8 35. Rd4+ Kc5 36. Ra1 Rb8 37. Ra5+ Kc6 38. Ke3 Re8+ 39. Kf2 Rb8 40. Rc4+ Kd6 41. Rb4 Rc8 42. c4 Kc6 43. Rbb5 Kd6 44. Ra6+ Ke7 45. Re5+ Kd7 46. Rd5+ Ke7 47. c5 Rc7 48. Ke3 f6 49. Kd4 Bf7 50. Rdd6 Rb7 51. Rdb6 Rd7+ 52. Ke3 Bc4 53. Ra4 Bf7 54. c6 Rc7 55. Rb7 Kd6 56. Rxc7 1-0

[Event "Pere Noel"]
[Site "Montreal CAN"]
[Date "2012.12.29"]
[Round "4.10"]
[White "Perna-Fraser, David"]
[Black "Gagnon, Serge"]
[Result "0-1"]
[WhiteElo "1818"]
[BlackElo "1980"]
[PlyCount "86"]
[GameId "2160767909411073"]
[EventDate "2012.12.26"]
[EventType "swiss"]
[EventRounds "5"]
[EventCountry "CAN"]
[SourceTitle "EXT 2022"]
[Source "ChessBase"]
[SourceDate "2021.10.06"]
[SourceVersion "1"]
[SourceVersionDate "2021.10.06"]
[SourceQuality "1"]

1. e4 d6 2. d4 Nf6 3. Nc3 g6 4. Nf3 Bg7 5. Be2 c6 6. O-O b5 7. a3 O-O 8. Re1 a6 9. Bf4 Nbd7 10. Qd2 Qc7 11. Bh6 e5 12. Bxg7 Kxg7 13. dxe5 dxe5 14. b4 a5 15. Red1 Re8 16. Ne1 Nf8 17. Qd6 Qxd6 18. Rxd6 axb4 19. Nb1 Re6 20. Rd1 Nxe4 21. Nd3 bxa3 22. f3 Nf6 23. Nc5 Re7 24. Nxa3 Ne6 25. Nxe6+ Bxe6 26. c4 Rea7 27. cxb5 cxb5 28. Nc2 Rxa1 29. Rxa1 Rxa1+ 30. Nxa1 Bc4 31. Bd1 Nd5 32. Kf2 Kf6 33. Bb3 Ke6 34. Bxc4 bxc4 35. Nc2 Kd6 36. g3 Kc5 37. Ke2 Nb4 38. Ne3 Kd4 39. Ng2 Nd5 40. Kd2 c3+ 41. Kc1 Kd3 42. h4 Ke2 43. f4 Kf2 0-1

[Event "Pere Noel"]
[Site "Montreal CAN"]
[Date "2012.12.29"]
[Round "4.11"]
[White "Sun, Mike"]
[Black "Ma, Indy"]
[Result "0-1"]
[WhiteElo "1979"]
[BlackElo "1700"]
[PlyCount "108"]
[GameId "2160767909411074"]
[EventDate "2012.12.26"]
[EventType "swiss"]
[EventRounds "5"]
[EventCountry "CAN"]
[SourceTitle "EXT 2022"]
[Source "ChessBase"]
[SourceDate "2021.10.06"]
[SourceVersion "1"]
[SourceVersionDate "2021.10.06"]
[SourceQuality "1"]

1. e4 c5 2. Nc3 d6 3. f4 Nc6 4. Nf3 Nf6 5. Bc4 e6 6. d3 Be7 7. O-O O-O 8. Qe1 d5 9. Bb3 Nd4 10. e5 Nxb3 11. axb3 Ng4 12. Ne2 b5 13. h3 Nh6 14. Ng3 Qb6 15. Bd2 Nf5 16. Nxf5 exf5 17. Kh2 Qh6 18. d4 a6 19. c3 Bb7 20. b4 cxb4 21. cxb4 Rac8 22. g3 Rc2 23. Rf2 Rxb2 24. Qc1 Rxb4 25. Bxb4 Bxb4 26. Rc2 a5 27. Ne1 Qb6 28. Qe3 Bxe1 29. Rxe1 Re8 30. Qd2 b4 31. Rb1 Ba6 32. Rc5 Bc4 33. Qc2 g6 34. Qa4 Ra8 35. Qd7 Qe6 36. Qc7 Qa6 37. g4 fxg4 38. hxg4 b3 39. Kg3 a4 40. Rh1 Bf1 41. Rc3 Qe2 42. Rh2 Qe1+ 43. Kf3 Qe4+ 44. Kg3 Qxd4 45. Rb2 a3 46. Rbxb3 a2 47. Rb8+ Rxb8 48. Qxb8+ Kg7 49. Qd8 Qxc3+ 50. Kf2 Qd2+ 51. Kf3 Qe2+ 52. Kg3 Qg2+ 53. Kh4 Qh3+ 54. Kg5 h6# 0-1